UBT Library

THE CENTRALITY OF SCIENCE AND ABSOLUTE VALUES (Record no. 60303)

000 -LEADER
fixed length control field 00344nam a22001457a 4500
008 - FIXED-LENGTH DATA ELEMENTS--GENERAL INFORMATION
fixed length control field 230911b ||||| |||| 00| 0 eng d
020 ## - INTERNATIONAL STANDARD BOOK NUMBER
International Standard Book Number 0892260041
041 ## - LANGUAGE CODE
Language code of text/sound track or separate title eng
080 ## - UNIVERSAL DECIMAL CLASSIFICATION NUMBER
Edition identifier VOLUME II
Universal Decimal Classification number 94
082 ## - DEWEY DECIMAL CLASSIFICATION NUMBER
Classification number 94
100 ## - Rafti
Rafti 28
101 ## - Shkurtesa
Shkurtesa HIST
245 ## - TITLE STATEMENT
Title THE CENTRALITY OF SCIENCE AND ABSOLUTE VALUES
Statement of responsibility, etc ANDERSSON .G
942 ## - ADDED ENTRY ELEMENTS (KOHA)
Source of classification or shelving scheme
Item type Books
Holdings
Withdrawn status Lost status Source of classification or shelving scheme Damaged status Not for loan Collection code Permanent location Current location Date acquired Total Checkouts Full call number Barcode Date last seen Price effective from Koha item type
          Koleksioni i përgjithshem UBT - Lipjan UBT - Lipjan 09/11/2023   94AND 002-800070233 09/11/2023 09/11/2023 Books
          Koleksioni i përgjithshem UBT - Lipjan UBT - Lipjan 09/11/2023   94ECC 002-800070248 09/11/2023 09/11/2023 Books
UBT Library © 2015-2024. All rights reserved University Education for Business and Technology